000 00365nam a2200145Ia 4500
100 _aAutunes/Sandy
650 _aspacecraft
942 _cBK
654 _aspacecraft
245 _aDIY instruments fro amateur space :Inventing utility for your spacecraft once it archieves orbit
260 _bShroff
_c2013
082 _bAUT
300 _a104
546 _aENGLISH
999 _c21744
_d21744